000 01751cam a2200337 i 4500
003 SA-RiAUC
005 20251002072241.0
008 251001s1984 ku g b 00000 ara c
024 0 _a00000000739745
040 _aSA-RiAUC
_bara
_cSA-RiAUC
_dAE-DuMBRL
_erda
043 _aap-----
050 4 _b.R53 1984
050 4 _bM8332 1984
082 0 4 _a378.00953
_qSA-RiAUC
090 _a378.00953
_bر ض ا
100 1 _aرضا، محمد جواد،
_d1931-
_eمؤلف.
245 1 2 _aالإصلاح الجامعي في الخليج العربي /
_cالدكتور محمد جواد رضا.
250 _aالطبعة الأولى.
264 1 _aالكويت :
_bشركة الربيعان للنشر والتوزيع،
_c1984.
300 _a274 صفحة ؛
_c24 × 17 سم
336 _aنص
_btxt
_2rdacontent
_3كتاب
337 _aبدون وسيط
_bn
_2rdamedia
338 _aمجلد
_bnc
_2rdacarrier
504 _aيشتمل على إرجاعات ببليوجرافية.
520 _aالكتاب دراسة لإشكالات التربية في دول الخليج العربية وهو يعالج الظاهرة الجامعية في مجتمع الخليج الجديد ويتناول بالدراسة عمل الجامعات كما يتضمن الكتاب نظام المقررات والإصلاح الجامعي في الخليج العربي مع نموذج للتجربة الكويتية والتجارب الأخرى.
650 7 _aالتعليم العالي
_zدول الخليج العربية
_2aucsh
650 7 _aالجامعات والكليات
_zدول الخليج العربية
_2aucsh
942 _2ddc
_cBOOK
_n0
949 _aSA-JeALM
_d251001
_umohamedma123
_n1
999 _c12330
_d12330